SOCIAL AND PREVENTIVE PHARMACY (Record no. 32489)

MARC details
000 -LEADER
fixed length control field 00269nam a22001217a 4500
003 - CONTROL NUMBER IDENTIFIER
control field SGT
082 ## - DEWEY DECIMAL CLASSIFICATION NUMBER
Classification number 365.1
Item number ARO
100 ## - MAIN ENTRY--PERSONAL NAME
Personal name ARORA, DR. VARUN
245 ## - TITLE STATEMENT
Title SOCIAL AND PREVENTIVE PHARMACY
260 ## - PUBLICATION, DISTRIBUTION, ETC. (IMPRINT)
Place of publication, distribution, etc INDIA
Name of publisher, distributor, etc S. VIKASH PUB.
Year of Publication 2020
300 ## - PAGE DESCRIPTION
No. of Pages 213
942 ## - ADDED ENTRY ELEMENTS (KOHA)
Source of classification or shelving scheme Dewey Decimal Classification
Koha item type Books
Holdings
Withdrawn status Lost status Source of classification or shelving scheme Damaged status Not for loan Collection code Home library Current library Date acquired SGTU Total Checkouts Full call number Accession No. (Barcode) Date last seen Bill Date Koha item type
    Dewey Decimal Classification     SCIENCE SGT Science & Social Sciences Library SGT Science & Social Sciences Library 26/08/2025 SGTU   365.1 ARO DP161 26/08/2025 26/08/2025 Books